000 00744nam a2200253Ia 4500
003 OSt
005 20220923214459.0
006 a|||||r|||| 00| 0
007 ta
008 220922b |||||||| |||| 00| 0 hin d
024 _a169,932
037 _cTextual
040 _aARTS
_cARTS
_bhin
041 _2hin
_ahin
082 _aO152,3M98,VK, K3;L0
100 _aमित्रा, उषादेवी
_9156271
245 0 _aवचन का मोल
246 _aVachan kā mola
250 _aसंस्क0 5
260 _c1970
650 _aहिन्दी साहित्य
_9156264
942 _hO152,3M98,VK, K3;L0
_cTEXL
_2CC
999 _c324296
_d324296